000 00575nam a2200181Ia 4500
008 100920s9999 xx 000 0 und d
082 _b48342
_a539 थ 84
100 _aशिरवाडकर वसंत.
245 _aमाणूस कसा झाला.
260 _bपृथ्वी प्रकाशन ,मुंबई.
_c1984
300 _a60
_bसाधी
365 _b13
520 _aशाआ.
630 _aमाणूस कसा झाला.
650 _aशाआ.
730 _aमाणूस कसा झाला.
942 _cBOOK
999 _c695329
_d695326